Ekonomické a sociálne súvislosti vstupu SR do EÚ - prínosy a riziká Makroekonomické scenáre vývoja

Základné charakteristiky makroekonomických scenárov vývoja ekonomiky SR do roku 2008. Tempo rastu HDP. Spotreba domácností, hrubá tvorba fixného kapitálu na HDP, miera hrubých národných úspor, vonkajšie ekonomické vzťahy. Miera inflácie, nominálna priemerná mzda, reálna mzda, mierny rast zamestnanos...

Full description

Saved in:
Bibliographic Details
Format: Book Chapter
Language:Slovak
Subjects:
Tags: Add Tag
No Tags, Be the first to tag this record!

MARC

LEADER 00000naa a2200000 4500
001 r047822
005 20230927091659.9
041 0 |a slo 
044 |a SK 
245 1 0 |a Ekonomické a sociálne súvislosti vstupu SR do EÚ - prínosy a riziká  |b Makroekonomické scenáre vývoja 
520 |a Základné charakteristiky makroekonomických scenárov vývoja ekonomiky SR do roku 2008. Tempo rastu HDP. Spotreba domácností, hrubá tvorba fixného kapitálu na HDP, miera hrubých národných úspor, vonkajšie ekonomické vzťahy. Miera inflácie, nominálna priemerná mzda, reálna mzda, mierny rast zamestnanosti. Zovšeobecnenie prínosov vstupu SR do EÚ. Hlavné makroekonomické ukazovatele eurozóny, USA a Japonska v r. 2000. 
610 2 0 |a integrácia ekonomická medzinárodná 
610 2 0 |a Slovensko 
610 2 0 |a Európska únia 
610 2 0 |a produkt domáci hrubý 
610 2 0 |a spotreba obyvateľstva 
610 2 0 |a kapitál fixný 
610 2 0 |a úspory 
610 2 0 |a vzťahy hospodárske vonkajšie 
610 2 0 |a miera inflácie 
610 2 0 |a mzdy priemerné 
610 2 0 |a mzdy reálne 
610 2 0 |a zamestnanosť 
610 2 0 |a ukazovatele makroekonomické 
610 2 0 |a Európa 
610 2 0 |a USA 
610 2 0 |a Japonsko 
610 2 0 |a 2000